| 000 | 00511cam a2200193ua 4500 | ||
|---|---|---|---|
| 001 | 5787 | ||
| 008 | 131028n ii |||gr||||Z||||||eng | ||
| 020 | _a81-7198-147-X | ||
| 040 | _cMAIN | ||
| 082 | _a306 | ||
| 245 |
_aIntroduction to Social Anthropology _cBy D.N. Majumdar |
||
| 260 |
_aDelhi: _bMayoor Paperbacks, _c2011. |
||
| 300 | _aviii,271p. | ||
| 653 | _aCulture & institutions | ||
| 653 | _aSocial anthropology | ||
| 700 |
_aMajumdar,D.N., _eAuthor., |
||
| 700 |
_aMadan,T.N., _eAuthor. |
||
| 942 | _cBK | ||
| 999 |
_c4945 _d4945 |
||